000 00785nam a2200265Ia 4500
001 17961
003 GE_BSU
008 181216s||||||||xx |||||||||||||| ||und||
020 _a9785913950338
040 _cGE_BSU
080 _a811.161.1
100 _aКолесова,Д. Маслова, Н.
245 _aРадуга
245 _bПрактикум по развитию письменной речи
245 _cПод ред. Е.Юркова
260 _aСанкт-Петербург
260 _bИзд. дом "МИРС
260 _c2008
300 _a126стр.30см.
541 _h10 ლ.
653 _aПрактикум по развитию письменной речи
653 _aРадуга
653 _aРусский язык
942 _cBK
999 _c51004
_d51004